| 000 | 004710000a22001810004500 | ||
|---|---|---|---|
| 003 | MACL | ||
| 005 | 20151231134910.0 | ||
| 008 | 151231b xxu||||| |||| 00| 0 eng d | ||
| 040 |
_aMACL _cMACL |
||
| 041 | _aEnglish | ||
| 082 | _a823/KAZ | ||
| 100 |
_aKazmi, Fareed _97619 |
||
| 245 | _aHuman Rights Myth and Reality | ||
| 260 |
_bInternational bussiness Etiquette _c1987 _aNew Delhi |
||
| 350 | _a100 | ||
| 650 |
_aCivil Engineering _96454 |
||
| 942 |
_cBK _k323/kaz _2ddc |
||
| 999 |
_c33697 _d33697 |
||